[Event "103rd Marshall Chess Club-ch 2019"]
[Site "New York"]
[Date "2019.11.15"]
[Round "3"]
[White "Barbosa, Oliver"]
[Black "Niemann, Hans Moke"]
[Result "0-1"]
[WhiteElo "2532"]
[BlackElo "2436"]
[Annotator "ChessBase"]
[PlyCount "82"]
[EventDate "2019.11.14"]
[EventType "tourn"]
[EventCountry "USA"]
[SourceTitle "playchess.com"]
[Source "ChessBase"]
[SourceQuality "1"]
[TimeControl "40/5400+30:900+30"]

1. Nf3 {[%emt 0:00:00]} d5 {[%emt 0:00:19]} 2. c4 {[%emt 0:00:43]} d4 {[%emt 0:01:36]} 3. g3 {[%emt 0:00:01]} Nc6 {[%emt 0:00:52]} 4. Bg2 {[%emt 0:00:11]} e5 {[%emt 0:00:08]} 5. d3 {[%emt 0:00:01]} Bb4+ {[%emt 0:00:38]} 6. Bd2 {[%emt 0:04:05]} a5 {[%emt 0:00:05]} 7. O-O {[%emt 0:00:18]} Nf6 {[%emt 0:00:07]} 8. Bg5 {[%emt 0:05:35]} Be7 {[%emt 0:03:44]} 9. Bxf6 {[%emt 0:09:25]} Bxf6 {[%emt 0:00:12]} 10. Nbd2 {[%emt 0:00:07]} O-O {[%emt 0:00:23]} 11. a3 {[%emt 0:00:03]} Be7 {[%emt 0:02:13]} 12. Ne1 {[%emt 0:02:08]} Nb8 {[%emt 0:01:09]} 13. Nc2 {[%emt 0:00:24]} a4 {[%emt 0:01:13]} 14. b4 {[%emt 0:09:42]} axb3 {[%emt 0:00:20]} 15. Nxb3 {[%emt 0:00:02]} c6 {[%emt 0:00:35]} 16. e3 {[%emt 0:05:49]} dxe3 {[%emt 0:00:45]} 17. fxe3 {[%emt 0:00:14]} Be6 {[%emt 0:02:36]} 18. Qe2 {[%emt 0:02:22]} Nd7 {[%emt 0:00:24]} 19. Rfb1 {[%emt 0:03:28]} Qc7 {[%emt 0:06:53]} 20. Kh1 {[%emt 0:05:19]} Ra4 {[%emt 0:01:09]} 21. Nd2 {[%emt 0:03:47]} Rfa8 {[%emt 0:00:16]} 22. Rb2 {[%emt 0:01:05]} R4a7 {[%emt 0:02:13]} 23. Rab1 {[%emt 0:04:55]} Rb8 {[%emt 0:01:01]} 24. Ra1 {[%emt 0:03:23]} Nb6 {[%emt 0:01:45]} 25. Rb3 {[%emt 0:01:16]} Na4 {[%emt 0:00:38]} 26. d4 {[%emt 0:02:53]} b5 {[%emt 0:00:34]} 27. Nb4 {[%emt 0:08:08]} bxc4 {[%emt 0:04:00]} 28. Nxc4 {[%emt 0:00:08]} Nb6 {[%emt 0:01:34]} 29. d5 {[%emt 0:08:40]} Nxd5 {[%emt 0:00:18]} 30. Rd1 {[%emt 0:02:12]} Bxb4 {[%emt 0:00:32]} 31. Qb2 {[%emt 0:03:53]} Nc3 {[%emt 0:01:32]} 32. Rxc3 {[%emt 0:01:31]} Bxc3 {[%emt 0:00:10]} 33. Qxc3 {[%emt 0:00:05]} Bxc4 {[%emt 0:00:08]} 34. Qxc4 {[%emt 0:00:01]} Rxa3 {[%emt 0:00:22]} 35. Bxc6 {[%emt 0:00:14]} Rc8 {[%emt 0:00:10]} 36. Qe4 {[%emt 0:00:15]} g6 {[%emt 0:00:50]} 37. Bd5 {[%emt 0:00:00]} Kg7 {[%emt 0:00:11]} 38. Qf3 {[%emt 0:00:25]} Rc3 {[%emt 0:00:35]} 39. Rf1 {[%emt 0:00:17]} f5 {[%emt 0:01:01]} 40. g4 {[%emt 0:00:48]} f4 {[%emt 0:00:23]} 41. g5 {[%emt 0:15:02]} Rc1 {[%emt 0:17:45]} 0-1

[Event "103rd Marshall Chess Club-ch 2019"]
[Site "New York"]
[Date "2019.11.15"]
[Round "3"]
[White "Yudasin, Leonid"]
[Black "Khamrakulov, Djurabek"]
[Result "1/2-1/2"]
[WhiteElo "2507"]
[BlackElo "2517"]
[Annotator "TA"]
[PlyCount "70"]
[EventDate "2019.11.14"]
[EventType "tourn"]
[EventCountry "USA"]
[SourceTitle "playchess.com"]
[Source "ChessBase"]
[SourceQuality "1"]

{[%evp 12,70,21,20,15,18,15,13,16,14,25,25,30,32,17,19,20,24,28,26,37,26,48,51,64,61,72,60,78,56,58,60,75,72,66,39,52,41,60,62,60,37,43,45,54,44,38,42,60,60,67,60,67,67,75,75,79,8,19,0,0]} 1. e4 c6 2. d4 d5 3. exd5 cxd5 4. Bd3 Nc6 5. c3 Nf6 6. Bf4 Bg4 7. Qb3 e5 {B13: Caro-Kann: Exchange Variation and Panov-Botvinnik Attack} (7... Qd7 8. Nd2 e6 9. Ngf3 Bd6 10. Bxd6 Qxd6 11. O-O O-O 12. Rfe1 Rab8 13. Ne5 Bh5 14. Qa4 Qc7 15. Nb3 Nd7 16. Nxd7 Qxd7 17. Bb5 Rfc8 18. Bxc6 Qxc6 19. Qxa7 {½-½ (96) Anand,V (2767)-Mamedyarov,S (2774) Stavanger 2019}) 8. dxe5 Nh5 9. Be3 {h3 is the strong threat.} Nxe5 10. Bb5+ Nc6 11. Be2 Bxe2 12. Nxe2 Qd7 13. Nd2 Be7 14. Nf3 $146 ({Predecessor:} 14. O-O O-O 15. Nf3 {½-½ (38) Wolf,C (2173)-Stenner,P (2219) Germany 2017}) 14... O-O 15. Rd1 Rfd8 16. O-O $36 {[%mdl 2048] White fights for an advantage.} Nf6 17. Bg5 Ne4 18. Bxe7 Nxe7 19. Rfe1 Qc7 20. Ng3 Nxg3 21. hxg3 Rd7 22. Re2 h6 23. Nd4 a6 24. Qc2 Rf8 25. Qd3 Qd6 26. Nf5 Nxf5 27. Qxf5 Rfd8 28. Rd4 b5 29. a4 Qc6 30. axb5 axb5 31. Re5 Rd6 32. Qd3 g6 33. g4 Kg7 34. Rb4 ({White should play} 34. Kh2 $16) 34... d4 $1 $11 35. Rexb5 {[%cal Rc3d4]} dxc3 {Accuracy: White = 65%, Black = 45%.} 1/2-1/2

[Event "103rd Marshall Chess Club-ch 2019"]
[Site "New York"]
[Date "2019.11.15"]
[Round "3"]
[White "Panjwani, Raja"]
[Black "Paragua, Mark"]
[Result "1/2-1/2"]
[WhiteElo "2450"]
[BlackElo "2496"]
[Annotator "TA"]
[PlyCount "108"]
[EventDate "2019.11.14"]
[EventType "tourn"]
[EventCountry "USA"]
[SourceTitle "playchess.com"]
[Source "ChessBase"]
[SourceQuality "1"]

{[%evp 24,108,30,0,0,-4,0,-34,-45,-18,-43,-48,-12,-12,22,20,76,47,47,38,55,43,27,49,34,29,36,35,60,34,100,43,42,25,75,74,233,231,248,113,97,121,93,115,109,108,98,4,2,0,0,-11,-10,-12,-19,-135,-51,-149,-140,-136,0,-8,0,0,0,-83,0,-45,-6,-8,-5,-8,-6,-14,-14,-14,-14,-14,-8,-6,0,0,0,0,0,-5,0]} 1. d4 Nf6 2. Nf3 g6 3. g3 Bg7 4. Bg2 O-O 5. c4 d6 6. Nc3 Nc6 7. O-O a6 8. d5 Na5 9. Nd2 c5 10. Rb1 Rb8 11. b3 b5 12. Bb2 e5 13. Qc2 (13. dxe6 $5 Bxe6 14. Nd5 $11) 13... h5 {E66: King's Indian: Fianchetto: 6...c5 7 0-0 Nc6 8 d5} 14. e4 h4 15. Ne2 {[#]} hxg3 $146 {Black is slightly better.} ({Predecessor:} 15... Bh6 16. Bc3 Nh5 17. Qd3 b4 18. Bb2 h3 19. Bh1 Nb7 20. f4 exf4 21. Nxf4 {1-0 (53) Johannessen,L (2538)-Fedorov,A (2620) Copenhagen 2004}) 16. hxg3 Ng4 17. Bf3 Bh6 18. Kg2 Qg5 19. Bc1 Qf6 ({Avoid the trap} 19... Qh5 $2 20. Rh1 $18) (19... f5 $11) 20. Bxg4 Bxg4 21. f3 Bd7 22. Rh1 Bg7 23. Bb2 Qe7 24. Qc3 Nb7 25. Rh2 f5 26. Rbh1 bxc4 ({Black should try} 26... Kf7 $14) 27. bxc4 (27. Nf4 $16 Rf6 28. bxc4) 27... Nd8 $14 28. Ba1 {next exf5 is good for White.} Nf7 29. exf5 $1 Bxf5 $2 (29... gxf5 $16 30. Kf2 Qf6) 30. g4 $1 $18 {[%cal Rg4f5]} Bd7 31. Qc2 (31. Qd3 $18 {is the precise move to win.} e4 32. Nxe4 (32. Qxe4 Qxe4 33. Nxe4 Bxa1 $16) 32... Bxa1 33. Nxc5 {[%mdl 64] Discovered Attack}) 31... Qg5 $16 32. Ne4 Bf5 33. Bc3 Bxe4 34. Qxe4 Nh6 35. Rd1 (35. Rf1 $16) 35... Nf5 $1 $132 {[%cal Rf5e3][%mdl 2048] White must now prevent ...Ne3+. Black is fighting back} 36. Bd2 Nh4+ {[%mdl 64] Discovered Attack} 37. Rxh4 {[%mdl 64] Remove Defender} Qxh4 38. Bc1 Qf6 39. Ng1 (39. Rf1 $11 {keeps the balance.}) 39... Qf7 (39... Kh7 $17 {Strongly threatening ...Bh6.} 40. Nh3 Kg8) 40. Nh3 (40. Ne2 $15) 40... Bf6 $1 $17 41. Rh1 a5 (41... Rb4 $17 {...Bh4 is the strong threat.} 42. Qd3 Bd8) 42. Nf2 $11 a4 43. Qd3 Be7 44. Ne4 {[#]} (44. Rh3 $11 {remains equal.}) 44... Rb4 (44... Rb1 $1 $17 {[%mdl 512] aiming for ...Ra1.} 45. Nf2 (45. Qxb1 Qxf3+) 45... Rb4) 45. Ng3 {[#] Black should prevent Rh6.} Rxc4 $1 {[%mdl 512] Threatens to win with ...Rd4.} 46. Rh6 $1 {[%cal Rh6g6] [#]The position is equal.} (46. Qxc4 Qxf3+) 46... Qxf3+ $1 {[%mdl 512]} 47. Qxf3 Rxf3 48. Kxf3 {And now Be3 would win.} Rxc1 49. Rxg6+ {[%mdl 4096] Endgame KRB-KRN} Kf7 50. Re6 Rc3+ 51. Kg2 $1 Rc2+ 52. Kf3 Rc3+ 53. Kg2 $1 Rc2+ 54. Kf3 Rc3+ {Accuracy: White = 53%, Black = 40%.} 1/2-1/2

[Event "103rd Marshall Chess Club-ch 2019"]
[Site "New York"]
[Date "2019.11.15"]
[Round "3"]
[White "Korley, Kassa"]
[Black "Sturt, Raven"]
[Result "1-0"]
[WhiteElo "2447"]
[BlackElo "2466"]
[Annotator "TA"]
[PlyCount "91"]
[EventDate "2019.11.14"]
[EventType "tourn"]
[EventCountry "USA"]
[SourceTitle "playchess.com"]
[Source "ChessBase"]
[SourceQuality "1"]

{[%evp 9,91,7,21,9,5,-19,4,2,49,43,60,65,68,54,46,41,70,25,80,64,91,57,62,58,64,26,33,25,32,25,57,55,60,51,68,68,66,55,66,62,91,77,192,193,253,239,304,296,287,273,274,263,308,308,297,245,231,233,244,241,253,237,342,316,302,76,250,0,0,0,126,118,281,270,1070,1006,1801,1935,6636,7208,29997,1221,29997,29998]} 1. d4 f5 2. Nc3 Nf6 3. Bg5 d5 4. e3 e6 5. Nf3 Be7 6. Bf4 {A80: Dutch Defence: Unusual White second moves} (6. Bd3 O-O 7. O-O Ne4 8. Bxe7 Qxe7 9. Ne2 Nd6 10. Rc1 Nd7 11. c4 c6 12. Qb3 Kh8 13. Qa3 a5 14. Ne5 {½-½ (45) So,W (2770)-Carlsen,M (2855) Leuven 2016}) 6... a6 $146 ({Predecessor:} 6... c6 7. Bd3 Nbd7 8. Ne5 O-O 9. O-O Qe8 10. f3 Nxe5 11. Bxe5 Nd7 12. Bg3 g5 13. Ne2 Bf6 {0-1 (35) Evans,N (1986)-Zeidler,S (2224) Cardiff 2015}) 7. h3 c5 8. g4 {The position is equal.} c4 9. g5 Nfd7 10. h4 Nc6 11. a4 Bb4 12. Bg2 Qe7 13. O-O O-O (13... h6 $11) 14. Ne2 b6 15. b3 cxb3 16. cxb3 Bb7 17. Nc1 Bc3 18. Rb1 $1 Rfc8 19. Na2 Nb4 20. Qe2 Nxa2 21. Qxa2 a5 22. Rfc1 Ba6 {next ...Bd3 is good for Black.} 23. Bf1 $1 Bxf1 24. Kxf1 Qe8 25. Qe2 e5 (25... Bb4 $16 {was necessary.}) 26. Nxe5 $18 Nxe5 (26... Bb4 {keeps fighting.} 27. Qb5 Nxe5 28. Qxe8+ (28. Bxe5 Qe6 $16) (28. dxe5 Qxb5+ 29. axb5 Kf7 $11) 28... Rxe8 29. Bxe5 (29. dxe5 Bc5 $16) 29... Rac8) 27. Bxe5 ({Weaker is} 27. dxe5 Bxe5 28. Qd3 Qe6 $14) 27... Rc6 28. Qd3 Rac8 29. Qxf5 Bb4 30. Rxc6 Qxc6 31. Kg2 Rf8 32. Qd3 Qe6 33. f3 Rc8 34. Rb2 Rc3 35. Qe2 h6 (35... Qf5 $142 36. Qb5 Qe6) 36. Rc2 Rxb3 37. gxh6 $2 (37. e4 $18 {has better winning chances.} hxg5 38. exd5 (38. hxg5 Qg6 $16) 38... Qxd5 39. hxg5) 37... Qg6+ $16 38. Kh2 $2 (38. Kh3 $1 $18) 38... Qxh6 $11 39. Rc8+ Bf8 (39... Kf7 $1 $11) 40. Qf2 $1 $16 Rxe3 $2 (40... b5 $16) 41. Qg3 $1 $18 Rd3 $2 {[#]} (41... Re2+ 42. Kh3 Qe6+ 43. Qg4 Qxg4+ 44. Kxg4 Kf7) 42. Qg4 $1 Rd2+ 43. Kh3 Rf2 44. Qf5 {[%csl Gf5][%cal Rc8f8]} g5 {[#]} 45. Qxg5+ (45. Rxf8+ $142 $1 {[%mdl 512]} Qxf8 46. Qg6+ {[%mdl 64] Double Attack} Qg7 47. Qxg7#) 45... Kh7 46. Rc7+ {Accuracy: White = 60%, Black = 34%.} 1-0

[Event "103rd Marshall Chess Club-ch 2019"]
[Site "New York"]
[Date "2019.11.15"]
[Round "3"]
[White "Krush, Irina"]
[Black "Steingrimsson, Hedinn"]
[Result "1-0"]
[WhiteElo "2424"]
[BlackElo "2549"]
[Annotator "TA"]
[PlyCount "85"]
[EventDate "2019.11.14"]
[EventType "tourn"]
[EventCountry "USA"]
[SourceTitle "playchess.com"]
[Source "ChessBase"]
[SourceQuality "1"]

{[%evp 21,85,20,31,26,26,13,24,20,38,20,33,34,89,93,105,71,76,62,76,0,0,0,0,0,25,23,31,23,26,14,27,32,31,32,37,39,35,29,30,27,28,0,27,0,22,39,40,0,62,83,159,142,341,239,242,231,332,301,393,375,384,372,2670,2329,29993,29994]} 1. d4 Nf6 2. Nf3 e6 3. e3 d5 4. Bd3 c5 5. b3 Nc6 6. O-O cxd4 7. exd4 Nb4 8. Be2 Be7 9. a3 Nc6 10. Bd3 O-O 11. Nbd2 a6 12. Bb2 {D05: Colle System with ...e6} b5 13. c3 (13. Ne5 Bb7 14. Qf3 Qb6 15. Rfe1 Rac8 16. Rac1 {0-1 (52) Almagro Llamas,P (2442)-Petkov,V (2566) Llucmajor 2013}) 13... Rb8 $146 ({Predecessor:} 13... Bb7 14. Qc2 Rc8 15. Ng5 {1-0 (13) Reyes Cortes,R (1653)-Calvo Muro,R (1653) ICCF email 2016}) 14. Qe2 {White has an edge.} Qb6 15. Rae1 a5 16. b4 Ne8 {[#]} (16... Bd6 $14) 17. Nb3 $1 $16 Nd6 18. Nc5 Nc4 19. Bc1 Qd8 20. Ne5 ({White should play} 20. h4 $16) 20... N6xe5 $11 21. dxe5 Bxc5 22. bxc5 f5 23. exf6 $1 Qxf6 24. Qc2 h6 25. Bxc4 bxc4 26. Be3 Rb3 27. Bd4 Qf5 28. Qc1 Rf7 29. Re5 Qf4 30. Qc2 a4 31. g3 $36 {[%mdl 2048] White has the initiative.} Qg4 32. Qc1 (32. h3 $5 {[%cal Rh3g4]} Qf3 33. Re3 $11) 32... Qg6 33. Rfe1 Kh7 34. Kg2 Rfb7 (34... Qd3 $11) 35. h4 $14 Rb1 (35... Rf7 $142) 36. Qf4 {Threatens to win with Rxb1.} Qf6 $2 (36... Rxe1 $16 {was worth a try.} 37. Rxe1 Qf7) 37. Qxf6 gxf6 38. Rxe6 {And now Rxb1 would win.} Bxe6 (38... Rxe1 $142 39. Rxe1 Kg6) 39. Rxe6 $18 {KRR-KRB} R1b3 40. c6 Rc7 {intending ...h5.} 41. Rxf6 Rxa3 $2 (41... h5 42. Be5 Rc8) 42. h5 {[#] White threatens Rf8 and mate.} Rb3 43. Rf8 {Accuracy: White = 67%, Black = 33%.} 1-0

[Event "103rd Marshall Chess Club-ch 2019"]
[Site "New York"]
[Date "2019.11.15"]
[Round "4"]
[White "Khamrakulov, Djurabek"]
[Black "Steingrimsson, Hedinn"]
[Result "1-0"]
[WhiteElo "2517"]
[BlackElo "2549"]
[Annotator "TA"]
[PlyCount "71"]
[EventDate "2019.11.14"]
[EventType "tourn"]
[EventCountry "USA"]
[SourceTitle "playchess.com"]
[Source "ChessBase"]
[SourceQuality "1"]

{[%evp 16,71,0,0,0,0,-10,0,-1,-13,0,-14,0,-25,27,0,0,-6,-4,-11,-14,-52,-39,-48,0,0,7,0,15,7,29,0,-6,-12,0,0,0,0,0,0,293,345,300,139,174,108,349,339,695,697,689,656,2371,1533,2160,2159,29983,29984]} 1. e4 c5 2. c3 Nf6 3. e5 Nd5 4. d4 cxd4 5. Nf3 Nc6 6. cxd4 d6 7. Bc4 dxe5 8. Nxe5 e6 9. O-O Bd6 {B22: Sicilian: 2 c3} (9... Be7 10. Nf3 O-O 11. Nc3 Nxc3 12. bxc3 b6 13. Re1 Bb7 14. Bd3 Rc8 15. Bd2 Bf6 16. h4 Na5 17. Ng5 Bxg5 18. hxg5 Nc4 19. Bf4 {½-½ (83) Pourramezanali,A (2535)-Kokarev,D (2608) St Petersburg 2018}) 10. Nf3 O-O 11. Nc3 a6 {The position is equal.} 12. Ne4 b5 $146 ({Predecessor:} 12... Be7 13. a3 b5 14. Bb3 Nf6 15. Re1 Nxe4 16. Rxe4 Bb7 17. Rg4 Bf6 18. Bg5 Bxg5 19. Nxg5 h6 20. Nxe6 fxe6 21. Bxe6+ {0-1 (32) Steimbach,I (1790)-Hoffmann,D (1709) Naumburg 2012}) 13. Bd3 Bb7 14. a3 Ra7 (14... Be7 $142) 15. Qc2 h6 16. Be3 Ba8 17. Rad1 Bb8 18. Qc1 Nxe3 19. fxe3 b4 ({Black should try} 19... e5 $15) 20. Bb1 $11 bxa3 21. bxa3 Qe7 22. Qc2 $40 {[%mdl 128] White threatens Nf6+! and mate. White has some attack.} g6 23. Qc3 {d5 is the strong threat.} f5 24. Nc5 Kh7 25. e4 Rc8 {White should prevent ...Nxd4!} 26. Nxe6 Qxe6 27. exf5 Ne7 $2 {[%mdl 8192] [#]} (27... Qd6 $1 $11) 28. Ng5+ $1 $18 {[%mdl 576] Double Attack} Kg8 (28... hxg5 29. Qh3+) 29. Qh3 (29. Nxe6 $18 {is the precise move to win.} Rxc3 30. fxg6 Nxg6 31. Rf6 (31. Bxg6 Bd6 $18)) 29... Qf6 {[#]} 30. Qxh6 (30. Nh7 $1 $18 {[%cal Rh7f6][%mdl 512]} Qc6 (30... Kxh7 31. fxg6+) 31. fxg6 Qxg2+ 32. Qxg2 Bxg2 33. Kxg2) 30... Qh8 $2 (30... Nd5 $16 {is a better defense.}) 31. Ba2+ Nd5 $2 (31... Bd5 32. Bxd5+ {[%mdl 64] Overworked Piece} Nxd5 33. Qxg6+ Kf8) 32. Qxg6+ Kf8 33. h3 {Strongly threatening f6.} Rc2 {Threatens to win with ...Rxg2+!} 34. Ne6+ Ke7 {[#]} 35. f6+ $1 {[%mdl 576] Discovered Attack} Kxe6 (35... Nxf6 36. Qxc2) 36. f7+ {Accuracy: White = 33%, Black = 33%.} 1-0

[Event "103rd Marshall Chess Club-ch 2019"]
[Site "New York"]
[Date "2019.11.15"]
[Round "4"]
[White "Yudasin, Leonid"]
[Black "Barbosa, Oliver"]
[Result "1/2-1/2"]
[WhiteElo "2507"]
[BlackElo "2532"]
[Annotator "TA"]
[PlyCount "61"]
[EventDate "2019.11.14"]
[EventType "tourn"]
[EventCountry "USA"]
[SourceTitle "playchess.com"]
[Source "ChessBase"]
[SourceQuality "1"]

{[%evp 22,61,32,28,43,41,54,43,52,52,40,41,41,41,39,39,83,86,82,62,62,41,69,42,69,16,16,16,52,46,57,40,41,35,107,38,65,75,100,62,56,59]} 1. e4 c6 2. d4 d5 3. exd5 cxd5 4. Bd3 Nc6 5. c3 Nf6 6. Bf4 Bg4 7. Qb3 Qc8 8. Nd2 e6 9. Ngf3 Be7 10. O-O O-O 11. Qc2 Bh5 12. Ne5 Kh8 {B13: Caro-Kann: Exchange Variation and Panov-Botvinnik Attack} 13. Rae1 Nd7 $146 ({Predecessor:} 13... Nxe5 14. Bxe5 Bg6 15. f4 Bxd3 16. Qxd3 g6 17. Qh3 Kg8 18. Rf3 Re8 19. g4 Qd8 20. f5 exf5 21. gxf5 Nh5 22. Kh1 Bg5 23. Rg1 Ng7 24. Nb3 b6 25. f6 {1-0 (25) Berkes,F (2640)-Fang,Y (2494) Paracin 2016}) 14. Nxd7 Qxd7 15. Re3 Rac8 16. Qb1 ({Don't play} 16. Bxh7 Nxd4 17. Qd3 {[#]} Ne2+ $1 {[%mdl 512]} 18. Rxe2 Bxe2 $17) 16... Bg6 17. Bxg6 hxg6 18. Qd1 Bd6 19. Bxd6 Qxd6 20. Nf3 Kg8 21. Qd3 a6 22. h4 Ne7 23. Rfe1 (23. Ne5 $14) 23... Nf5 $11 24. R3e2 Qd8 25. g3 b5 26. Kg2 Re8 27. a3 Re7 ({Black should play} 27... Nd6 $14) 28. Ne5 (28. g4 $16) 28... Qe8 29. Qf3 a5 30. Nd3 Qd8 31. Qg4 {Accuracy: White = 59%, Black = 40%.} 1/2-1/2

[Event "103rd Marshall Chess Club-ch 2019"]
[Site "New York"]
[Date "2019.11.15"]
[Round "4"]
[White "Paragua, Mark"]
[Black "Korley, Kassa"]
[Result "1-0"]
[WhiteElo "2496"]
[BlackElo "2447"]
[Annotator "ChessBase"]
[PlyCount "75"]
[EventDate "2019.11.14"]
[EventType "tourn"]
[EventCountry "USA"]
[SourceTitle "playchess.com"]
[Source "ChessBase"]
[SourceQuality "1"]
[TimeControl "40/5400+30:900+30"]

1. Nf3 {[%emt 0:00:00]} d5 {[%emt 0:00:05]} 2. c4 {[%emt 0:00:07]} e6 {[%emt 0:00:07]} 3. g3 {[%emt 0:00:09]} dxc4 {[%emt 0:00:10]} 4. Qa4+ {[%emt 0:00:43]} Nd7 {[%emt 0:00:34]} 5. Bg2 {[%emt 0:00:47]} a6 {[%emt 0:00:34]} 6. Qxc4 {[%emt 0:00:14]} b5 {[%emt 0:00:07]} 7. Qc2 {[%emt 0:00:04]} Bb7 {[%emt 0:00:07]} 8. O-O {[%emt 0:00:10]} Ngf6 {[%emt 0:02:15]} 9. d3 {[%emt 0:01:55]} c5 {[%emt 0:08:27]} 10. Nc3 {[%emt 0:04:46]} Rc8 {[%emt 0:05:09]} 11. a4 {[%emt 0:04:20]} Qb6 {[%emt 0:08:31]} 12. axb5 {[%emt 0:04:51]} axb5 {[%emt 0:00:05]} 13. e4 {[%emt 0:00:27]} Be7 {[%emt 0:01:18]} 14. h3 {[%emt 0:01:37]} Bc6 {[%emt 0:04:26]} 15. Be3 {[%emt 0:01:10]} Qb7 {[%emt 0:00:05]} 16. Nd2 {[%emt 0:00:33]} O-O {[%emt 0:01:41]} 17. Nb3 {[%emt 0:00:25]} Qb8 {[%emt 0:00:22]} 18. Na5 {[%emt 0:02:31]} Ba8 {[%emt 0:00:12]} 19. Qb3 {[%emt 0:02:56]} c4 {[%emt 0:04:54]} 20. dxc4 {[%emt 0:00:53]} b4 {[%emt 0:00:07]} 21. Nb5 {[%emt 0:01:29]} Bxe4 {[%emt 0:00:27]} 22. Na7 {[%emt 0:03:26]} Nc5 {[%emt 0:06:23]} 23. Bxc5 {[%emt 0:00:20]} Bxc5 {[%emt 0:00:07]} 24. Nxc8 {[%emt 0:00:10]} Rxc8 {[%emt 0:00:04]} 25. Kh2 {[%emt 0:21:17]} h5 {[%emt 0:03:26]} 26. Rfe1 {[%emt 0:07:46]} Bxf2 {[%emt 0:04:35]} 27. Rxe4 {[%emt 0:04:48]} Nxe4 {[%emt 0:00:39]} 28. Bxe4 {[%emt 0:00:08]} Qe5 {[%emt 0:04:09]} 29. Bg2 {[%emt 0:09:35]} h4 {[%emt 0:02:57]} 30. Nc6 {[%emt 0:02:20]} Bxg3+ {[%emt 0:04:12]} 31. Kh1 {[%emt 0:01:01]} Qc5 {[%emt 0:01:41]} 32. Qf3 {[%emt 0:03:09]} Bc7 {[%emt 0:11:34]} 33. Rd1 {[%emt 0:01:04]} Bd6 {[%emt 0:00:41]} 34. b3 {[%emt 0:01:22]} g6 {[%emt 0:00:15]} 35. Qe4 {[%emt 0:03:17]} Rc7 {[%emt 0:01:30]} 36. Nd4 {[%emt 0:01:00]} Qh5 {[%emt 0:05:49]} 37. Bf3 {[%emt 0:04:37]} Qg5 {[%emt 0:00:04]} 38. Nb5 {[%emt 0:03:09]} 1-0

[Event "103rd Marshall Chess Club-ch 2019"]
[Site "New York"]
[Date "2019.11.15"]
[Round "4"]
[White "Sturt, Raven"]
[Black "Krush, Irina"]
[Result "1/2-1/2"]
[WhiteElo "2466"]
[BlackElo "2424"]
[Annotator "TA"]
[PlyCount "103"]
[EventDate "2019.11.14"]
[EventType "tourn"]
[EventCountry "USA"]
[SourceTitle "playchess.com"]
[Source "ChessBase"]
[SourceQuality "1"]

{[%evp 15,103,6,18,0,0,0,0,-34,-44,-42,-36,-45,-44,-33,-21,-23,-29,-24,-11,-44,-28,-61,-53,-77,-49,-83,-41,-83,-85,-166,-131,-155,-165,-154,-152,-170,-141,-145,-135,-167,-177,-161,-166,-173,-164,-188,-113,-119,-119,-103,-125,-117,-110,-116,12,0,41,0,0,0,0,-229,-222,-559,-561,-560,-535,-549,-543,-705,-715,-710,-699,-674,-594,-583,-583,-531,-426,-381,0,0,0,0,0,0,0,0,0,0]} 1. e4 c5 2. d4 cxd4 3. c3 Nf6 4. e5 Nd5 5. Nf3 Nc6 6. Bc4 e6 7. cxd4 d6 8. O-O Be7 9. exd6 {B22: Sicilian: 2 c3} Qxd6 (9... Bxd6 10. Nc3 O-O 11. Re1 h6 12. Bb3 Nf6 13. Ne5 Bc7 14. Be3 Bd7 15. Nxd7 Qxd7 16. d5 exd5 17. Nxd5 Nxd5 18. Qxd5 {1-0 (24) Vachier Lagrave,M (2779)-Grischuk,A (2775) Stavanger 2019}) 10. Nbd2 Nf6 11. Nb3 O-O 12. Qe2 b6 13. Bg5 Bb7 14. Rad1 $146 ({Predecessor:} 14. Rfe1) 14... Nb4 15. a3 Nbd5 16. Ne5 Nd7 17. Bc1 Rac8 18. Bb5 N7f6 19. f4 Nc7 20. Bd3 Qd5 21. Rf3 g6 $36 {[%mdl 2048] Black is really pushing.} 22. Bb1 (22. Bc4 $17 Qd6 23. Rh3) 22... Qb5 23. Rfd3 Be4 24. Nd2 Bxd3 25. Bxd3 Qa4 26. Ndf3 Ncd5 27. Rf1 Rc7 28. Bd2 Qb3 29. Rb1 {[#]} b5 $1 30. g4 (30. Bxb5 Bxa3) 30... b4 (30... Bd6 $19 31. f5 exf5 32. gxf5 a6) 31. f5 $17 exf5 (31... bxa3 32. bxa3 Qa2 33. fxe6) 32. gxf5 bxa3 33. bxa3 Qxa3 34. Qg2 {[%cal Rf5g6]} Bd8 ({Black should try} 34... Bd6 $17 35. fxg6 hxg6) 35. Kh1 {[%cal Rf5g6]} Qd6 36. Rg1 {[%cal Rf5g6][%mdl 1024] White has compensation.} (36. Nc4 $5 {[%cal Rc4d6]} Qd7 37. Nfe5 $14) 36... Nh5 $1 {[%cal Rh5f4] Strongly threatening ...Nhf4.} 37. Qg4 $1 {[%cal Rg4h5] Qxh5 is the strong threat.} Ndf6 {[%cal Bd5f6,Bf6e4,Be4f2][%mdl 32]} 38. Qg5 $2 {[#]} (38. Qg2 $1 $11) 38... Ne4 $1 $19 {[%cal Re4f2][%mdl 576] Discovered Attack} 39. Qh6 $2 (39. Qe3 {is a better chance.} Nxd2 40. Nxd2) (39. Bxe4 Bxg5) 39... Nf2+ 40. Kg2 Nxd3 41. Nxd3 {aiming for Bb4.} Qd7 42. Bb4 {[%csl Gb4][%cal Rh6f8]} Re8 43. Re1 Rc2+ 44. Kg1 Bf6 45. Rxe8+ Qxe8 46. Nde5 Ng7 47. Ng4 Nh5 $2 {[#]} (47... Qc6 $19 {( -> ...Bxd4+)} 48. Qf4 Nh5 49. Qb8+ Qc8 50. Qxc8+ Rxc8 51. fxg6 hxg6) 48. Qxh5 $1 {[%mdl 512] The position is equal.} Rc1+ (48... Bxd4+ $2 49. Nxd4 Rg2+ 50. Kf1 $18) (48... gxh5 49. Nxf6+) 49. Kf2 $1 Rc2+ (49... gxh5 $2 50. Nxf6+ Kh8 51. Nxe8 $18) (49... Bxd4+ $2 50. Nxd4 gxh5 51. Nf6+ Kh8 52. Nxe8 $18) 50. Kg1 $1 Rc1+ (50... gxh5 $2 {loses.} 51. Nxf6+ Kh8 52. Nxe8 $18) (50... Bxd4+ $2 51. Nxd4 Rg2+ 52. Kf1 $18) 51. Kf2 $1 Rc2+ (51... gxh5 $2 {perishes.} 52. Nxf6+ Kh8 53. Nxe8 $18) ({Don't go for} 51... Bxd4+ $2 52. Nxd4 gxh5 53. Nf6+ {[%mdl 64] Double Attack} Kh8 54. Nxe8 $18) 52. Kg1 $1 {Accuracy: White = 40%, Black = 63%.} 1/2-1/2